| 000 | 00397nam a2200109Ia 4500 | ||
|---|---|---|---|
| 008 | 160909s9999 xx 000 0 und d | ||
| 100 | _aCampos, Guadalupe. | ||
| 245 | _aEngaging Latino parents in educational advocacy for academic success: A grant proposal | ||
| 260 |
_bCalifornia State University _c2016 |
||
| 650 | _aEDUC/SPED | ||
| 856 | _uhttp://pqdtopen.proquest.com/doc/1761877383.html?FMT=ABS | ||
| 999 |
_c305087 _d305087 |
||